Las Marantaceas de la Región de Araracuara (Registro nro. 17778)

Detalles MARC
000 -CABECERA
Campo de control 01041cam a2200313 a 4500
005 - FECHA Y HORA DE LA ULTIMA TRANSACCION
Campo de control 20150921145900.0
008 - ELEMENTOS DE LONGITUD FIJA—INFORMACION GENERAL
Campo de control 970903s1996 ck a r 00110 spa d
015 ## - NATIONAL BIBLIOGRAPHY NUMBER
National bibliography number ck-1996-xxxx
020 ## - ISBN
ISBN 9589365027
040 ## - FUENTE DE CATALOGACIÓN
Agencia catalogadora original la
Agencia transcriptora la
041 0# - IDIOMA
Código de idioma para texto/pista de sonido o título separado Español
043 ## - GEOGRAPHIC AREA CODE
Geographic area code s-ck---
082 04 - NUMERO DE CLASIFICACION DECIMAL DEWEY
Número de clasificación 584.39
Número del ítem S93m
100 1# - ASIENTO PRINCIPAL--NOMBRE PERSONAL
Nombre personal Suarez, Stella.
245 14 - MENCION DE TITULO
Título Las Marantaceas de la Región de Araracuara
Parte restante del título marantaceae in the araracuara region /
Mención de responsabilidad Stella Suarez Gloria Galeano ;
260 ## - PUBLICACION, DISTRIBUCION, ETC. (PIE DE IMPRENTA)
Lugar de publicación, distribución, etc. Bogotá :
Nombre del editor, distribuidor, etc. Tropenbos Colombia, Universidad Nacional de Colombia,
Fecha de publicación, distribución, etc. 1996.
300 ## - DESCRIPCION FISICA
Extensión 115 p. :
Otros detalles físicos il. ;
Dimensiones 24 cm.
500 ## - NOTA GENERAL
Nota general Glosario : p. 107-108.
504 ## - NOTA DE BIBLIOGRAFIA, ETC.
Nota de bibliografía Incluye bibliografia e indice.
650 ## - ASIENTO SECUNDARIO DE MATERIA - TERMINO TEMATICO
Término temático o nombre geográfico como elemento de entrada Marantaceas
Subdivisión geográfica Araracuara (Colombia)
650 ## - ASIENTO SECUNDARIO DE MATERIA - TERMINO TEMATICO
Término temático o nombre geográfico como elemento de entrada Descripción especies
650 ## - ASIENTO SECUNDARIO DE MATERIA - TERMINO TEMATICO
Término temático o nombre geográfico como elemento de entrada Distribucion
650 ## - ASIENTO SECUNDARIO DE MATERIA - TERMINO TEMATICO
Término temático o nombre geográfico como elemento de entrada Usos
700 1# - ASIENTO SECUNDARIO - NOMBRE PERSONAL
Nombre personal Galeano, Gloria.
700 1# - ASIENTO SECUNDARIO - NOMBRE PERSONAL
Nombre personal Lopez, German,
Término de relación il.
740 02 - ASIENTO SECUNDARIO - TITULOS RELACIONADOS /ANALITICOS NO CONTROLADOS
Título relacionado o analítico no controlado Marantaceae in the Araracuara region.
942 ## - ELEMENTOS ADICIONALES (KOHA)
Sistema de clasificación Dewey Decimal Classification
Tipo de ítem Libro
949 ## - LOCAL PROCESSING INFORMATION (OCLC)
a c
b c
Existencias
Withdrawn status Lost status Sistema de Clasificación Damaged status No para préstamo Colección Fecha publicación (Año) Inventariado Ubicación Permanente Ubicación actual Fecha de adquisición Fuente de Valor Valor Total Checkouts Número topográfico Inventario / Código de Barras Date last seen Ejemplar Price effective from Forma de adquisición Tipo de material
    Dewey Decimal Classification     General 1996 Inventariado 2017 Bogotá Bogotá 17/09/2015 Instituto 39000.00   RE-00060 004890 17/09/2015 T-10 Ej. 1 17/09/2015   Libro